Eiseignemts de 1ére Annee

Na minha lista:
Detalhes bibliográficos
Formato: Livro
Idioma:Undetermined
Publicado em: Paris Institut National Agronomique Paris - Grignon 1993
Assuntos:
Tags: Adicionar Tag
Sem tags, seja o primeiro a adicionar uma tag!
Thư viện lưu trữ: Trung tâm Học liệu Trường Đại học Cần Thơ
LEADER 00446nam a2200157Ia 4500
001 CTU_28123
008 210402s9999 xx 000 0 und d
082 |a 630.724 
082 |b E56 
245 0 |a Eiseignemts de 1ére Annee 
260 |a Paris 
260 |b Institut National Agronomique Paris - Grignon 
260 |c 1993 
650 |a education - curricula 
904 |i Sáng, 981007 
980 |a Trung tâm Học liệu Trường Đại học Cần Thơ